Lengua 9 /
Guardado en:
| Autor Principal: | |
|---|---|
| Otros Autores: | , , , |
| Formato: | Libro |
| Publicado: |
Buenos Aires :
Longseller,
2002.
|
| Materias: | |
| Etiquetas: |
Agregar Etiqueta
Sin Etiquetas, Sea el primero en etiquetar este registro!
|
| LEADER | 00850nam a22002535a 4500 | ||
|---|---|---|---|
| 001 | CEM.cems013591 | ||
| 005 | 20120326133606.0 | ||
| 008 | 130507s2002##################000#0#####d | ||
| 003 | CEMS | ||
| 020 | |a 9875502138 | ||
| 082 | 0 | 4 | |a Z468 |
| 100 | 1 | |a Atorresi, Ana | |
| 245 | 1 | 0 | |a Lengua 9 / |c Coordinado Por Ana Atorresi y Santiago Gándara. |
| 260 | |a Buenos Aires : |b Longseller, |c 2002. | ||
| 300 | |a 200 p. | ||
| 500 | |a Para tercer ciclo Egb | ||
| 505 | 0 | |a La narración -- La descripción -- La argumentación -- La conversación -- Texto, género y tipo textual -- El léxico -- La sintaxis -- El diccionario. | |
| 653 | |a Lengua | ||
| 653 | |a Lengua-9 egb | ||
| 700 | 1 | |a Gándara, Santiago | |
| 700 | 1 | |a Galdeano, Ana | |
| 700 | 1 | |a Leona, Pablo | |
| 700 | 1 | |a Mazer, Violeta. | |
| 859 | |a CEMS |b BIB. CEMS - 11 de abril |h Z468 |i At72-1 |p 26226.11 |t Ej.1 |v 9 |3 9 | ||
